| 000 | 00801nam a22002897a 4500 | ||
|---|---|---|---|
| 999 |
_c17948 _d17948 |
||
| 001 | 16784312 | ||
| 003 | OSt | ||
| 005 | 20200213145627.0 | ||
| 008 | 160705b xxu||||| |||| 00| 0 eng d | ||
| 010 | _a 2011656854 | ||
| 020 | _a9780445200005 | ||
| 020 |
_a0445200006 : _c$3.95 |
||
| 040 |
_aMMU _cMMU _dMMU _dMMU _beng |
||
| 042 | _alccopycat | ||
| 050 | 0 | 0 | _aPR7086 .S766 1985 |
| 100 | 1 | _aStone, Leslie. | |
| 245 | 1 | 0 |
_aSiren song / _cLeslie Stone. |
| 250 | _aPopular Library ed. | ||
| 260 |
_aNew York : _bWarner Books, _c1985. |
||
| 300 |
_a467 p. ; _c18 cm. |
||
| 490 | 0 | _aFiction Popular Library | |
| 490 | 0 | _aPopular Library | |
| 650 | _aLove stories. | ||
| 906 |
_a7 _bcbc _ccopycat _d2 _encip _f20 _gy-genrareb |
||
| 942 |
_2lcc _cLOAN LOAN |
||